000 00483nam a22001937a 4500
003 LK-CoDNM
005 20250102103118.0
008 250102b |||||||| |||| 00| 0 eng d
040 _aLK-CoDNM
_dLK-CoDNM
_eLK-CoDNM
041 _aeng
080 _a3
_bO6.1
100 _aRhys Davids, M.A.
245 _aPsalms of the early Buddhists
260 _aLondon
_bOxford university press
_c1909
300 _bxlii, 200p. ; 24 cm
650 _a1909
650 _aScience
942 _cBK
999 _c234522
_d234522